| 000 | 01586nam0a22003731 4500 | ||
|---|---|---|---|
| 001 | v19\rc\1723681 | ||
| 005 | 20260405143001.0 | ||
| 035 | _a(NLR Aleph) 004844199 | ||
| 090 |
_a4854110 _c4854110 |
||
| 100 | _a20061002d1901 u y0rusy50 ca | ||
| 101 | 1 |
_arus _cger |
|
| 102 | _aRU | ||
| 105 | _aac z ||||| | ||
| 200 | 1 |
_aСказки, собранные братьями Гриммами _fИл. Ф. Грот-Иоганном и Р. Лейнвебером _gПер. с нем. под ред. П.Н. Полевого |
|
| 205 | _a2-е изд. | ||
| 210 |
_aСанкт-Петербург _cА.Ф. Маркс _dценз. 1901 |
||
| 215 |
_aXX, 567 с. _cил., портр. _d24 |
||
| 327 | 0 | _aСтр. XIII-XIX: "Братья Гримм и их Сборник сказок" | |
| 464 | 0 |
_12001#$aБратья Гримм и их Сборник сказок _1215##$aС. XIII-XIX _tБратья Гримм и их Сборник сказок |
|
| 700 | 1 |
_aГримм _bВ.К. _f1786-1859 _gВильгельм Карл |
|
| 701 | 1 |
_aГримм _bЯ. _f1785-1863 _gЯкоб |
|
| 702 | 1 |
_9z01790 _aГрот-Иоганн _bФ. _4440 |
|
| 702 | 1 |
_4440 _8rus _7ca _aЛейнвебер _bР. _f1845-1921 _gРоберт _3RU\NLR\AUTH\7758778 _941710 |
|
| 702 | 1 |
_aПолевой _bП.Н. _f1839-1902 _gПетр Николаевич _4340 |
|
| 790 | 1 |
_9z01702 _aИоганн _bФ. |
|
| 801 | 0 |
_aRU _bNLR _gpsbo |
|
| 801 | 0 |
_aRU _bRuMoRGB _2psbo |
|
| 801 | 1 |
_aRU _bProSoft-M _2rusmarc |
|
| 852 |
_aNLR _j37.43.2.1 |
||
| 899 |
_aRuMoRGB _jK 1/67 |
||
| 899 | _aБАН | ||
| 942 | _cBOOK | ||
| 980 | _aNB | ||